| 000 | 00755nam a22002297a 4500 | ||
|---|---|---|---|
| 005 | 20251108164239.0 | ||
| 008 | 250721s1995 xx 000 0 ara d | ||
| 082 | 1 | 4 | _a327.73056/جوا |
| 100 | 1 | _aالحمد، جواد | |
| 245 | 1 | 0 | _aتوجهات أمريكية تجاه الشرق الأوسط / |
| 264 | 1 |
_aعمان : _bمركز دراسات الشرق الأوسط، _c1995. |
|
| 300 | _a201ص. | ||
| 490 | 0 | _aتقارير ؛1 | |
| 650 | 1 | 7 | _aالولايات المتحدة |
| 650 | 1 | 7 | _aالعلاقات الدولية |
| 650 | 1 | 7 | _aالشرق الأوسط |
| 650 | 1 | 7 | _aالسياسة الخارجية |
| 650 | 1 | 7 | _aالبلدان العربية |
| 700 | 1 |
_aالخطيب، محمود _eترجمة |
|
| 942 |
_2ddc _cBK |
||
| 999 |
_c7394 _d7394 |
||